| 000 | 00869nam a2200241 a 4500 | ||
|---|---|---|---|
| 001 | 37711 | ||
| 003 | BD-RjUL | ||
| 005 | 20211209052634.0 | ||
| 008 | 150305s1966 bg a|||| b||| 00| 0 ben d | ||
| 035 | _a(BD-RjUL)37815 | ||
| 040 |
_aBD-RjUL _bben _cBD-RjUL _dBD-RjUL |
||
| 041 | _aben | ||
| 082 |
_221 _a307.772095492 _bSAA 1966 |
||
| 100 |
_aসাত্তার, আবদুস _9116229 |
||
| 245 |
_aআরণ্য জনপদে / _cআবদুস্ সাত্তার |
||
| 250 | _a১ম. সং. | ||
| 260 |
_aঢাকা : _bজলি বুকস, _c১৯৬৬ |
||
| 300 |
_a৪১৮ পৃ. : _bচিত্র ; _c২২ সেমি. |
||
| 504 | _aগ্রন্থপঞ্জী সংযুক্ত। | ||
| 650 |
_aউপজাতি _zবাংলাদেশ _9116230 |
||
| 650 |
_aTribes _zBangladesh _9116231 |
||
| 942 |
_2ddc _cBK _02 |
||
| 999 |
_c37711 _d37711 |
||